| 000 | 01197 a2200217 4500 | ||
|---|---|---|---|
| 008 | 090530t xxu||||| |||| 00| 0 hin d | ||
| 010 | _aB-297208-215 | ||
| 020 |
_a8190157213 _c125.00 |
||
| 035 | _aB-297208-215, B-039041 | ||
| 037 | _bजनशिक्षण संस्थान | ||
| 040 |
_adpl _bHIN |
||
| 082 | _aक | ||
| 100 | _aहेमिंग्वे, अर्नेस्ट | ||
| 245 |
_aपागल / _cअर्नेस्ट हेमिंग्वे; बुद्धिकुमार मिश्र द्वारा अनुदित |
||
| 260 |
_aदिल्ली _bजनशिक्षण संस्थान _c2007 |
||
| 270 |
_a30/35,शॉप नं.1, गली नं.9 विश्वास नगर, शाहदरा _bदिल्ली _e110032 |
||
| 300 |
_a88पृ _c22 सेमी (सजिल्द) |
||
| 700 | _aमिश्र, बुद्धिकुमार | ||
| 942 |
_adpl _cHN _k / हेमिंग्वे _2ddc _hक _m हेमिंग्वे |
||
| 999 |
_c12415 _d12415 |
||